000 00570nam a2200229Ia 4500
003 OSt
005 20220923214608.0
006 a|||||r|||| 00| 0
007 ta
008 220922b |||||||| |||| 00| 0 hin d
024 _a171,161
037 _cTextual
040 _aARTS
_cARTS
_bhin
041 _2hin
_ahin
082 _aO152:3N14:33, K8
100 _aयशपाल
245 0 _aक्यों फसे
246 _aKyoan fase
260 _c1968
942 _hO152:3N14:33, K8
_cTEXL
_2CC
999 _c325386
_d325386